000 00616nam a22002057a 4500
005 20251108173332.0
008 250721s1997 xx 000 0 ara d
020 _a9771009273
082 1 4 _aط/ 638.1/غني
100 1 _aغنيم، كارم السيد
245 1 0 _aعسل النحل :غذاء و شفاء /
264 1 _aالقاهرة :
_bدار الفكر العربي،
_c1997.
300 _a37ص.
490 0 _aكتب النحلة للفتيان
_v3
650 1 7 _aالعسل
650 1 7 _aنحل العسل
653 _aناشئون صغار (10-14 سنة)
942 _2ddc
_cBK
999 _c101513
_d101513